<?xml version="1.0" encoding="UTF-8"?>
<record
    xmlns:xsi="http://www.w3.org/2001/XMLSchema-instance"
    xsi:schemaLocation="http://www.loc.gov/MARC21/slim http://www.loc.gov/standards/marcxml/schema/MARC21slim.xsd"
    xmlns="http://www.loc.gov/MARC21/slim">

  <leader>     nam a22      a 4500</leader>
  <datafield tag="999" ind1=" " ind2=" ">
    <subfield code="c">1402</subfield>
    <subfield code="d">1402</subfield>
  </datafield>
  <controlfield tag="005">20170509135807.0</controlfield>
  <controlfield tag="008">170509b1972    ii ||||| |||| 00| 0 eng d</controlfield>
  <datafield tag="040" ind1=" " ind2=" ">
    <subfield code="a">AKMAL</subfield>
  </datafield>
  <datafield tag="082" ind1=" " ind2=" ">
    <subfield code="a">301.3 POW</subfield>
  </datafield>
  <datafield tag="090" ind1=" " ind2=" ">
    <subfield code="a">301.3</subfield>
    <subfield code="b">POW</subfield>
  </datafield>
  <datafield tag="100" ind1="1" ind2=" ">
    <subfield code="a">Baden-Powell, B. H.</subfield>
    <subfield code="d">1841-1901.</subfield>
    <subfield code="9">2755</subfield>
  </datafield>
  <datafield tag="245" ind1="1" ind2="4">
    <subfield code="a">The Indian village community examined with reference to the physical, ethnographic and historical conditions of the provinces; chiefly on the basis of the revenue-settlement records and district manuals.</subfield>
  </datafield>
  <datafield tag="260" ind1=" " ind2=" ">
    <subfield code="a">London :</subfield>
    <subfield code="b">Longmans &amp; Co.,</subfield>
    <subfield code="c">1896.</subfield>
  </datafield>
  <datafield tag="300" ind1=" " ind2=" ">
    <subfield code="a">xvi, 456 p. ;</subfield>
    <subfield code="c">8&#xBA;.</subfield>
  </datafield>
  <datafield tag="599" ind1=" " ind2=" ">
    <subfield code="a">DALAM PROSES</subfield>
  </datafield>
  <datafield tag="650" ind1=" " ind2="0">
    <subfield code="a">Villages</subfield>
    <subfield code="z">India.</subfield>
    <subfield code="9">2756</subfield>
  </datafield>
  <datafield tag="852" ind1="4" ind2="1">
    <subfield code="a">British Library</subfield>
    <subfield code="b">HMNTS</subfield>
  </datafield>
  <datafield tag="942" ind1=" " ind2=" ">
    <subfield code="2">ddc</subfield>
    <subfield code="c">BOOK</subfield>
  </datafield>
  <datafield tag="952" ind1=" " ind2=" ">
    <subfield code="0">0</subfield>
    <subfield code="1">0</subfield>
    <subfield code="2">ddc</subfield>
    <subfield code="4">0</subfield>
    <subfield code="7">0</subfield>
    <subfield code="8">NFIC</subfield>
    <subfield code="a">AKMALHQ</subfield>
    <subfield code="b">AKMALHQ</subfield>
    <subfield code="c">D</subfield>
    <subfield code="d">2017-05-09</subfield>
    <subfield code="i">300253</subfield>
    <subfield code="l">0</subfield>
    <subfield code="o">301.3 POW</subfield>
    <subfield code="p">201702652</subfield>
    <subfield code="r">2017-05-09</subfield>
    <subfield code="w">2017-05-09</subfield>
    <subfield code="y">BOOK</subfield>
  </datafield>
</record>
